Généraux de la Seconde Guerre mondiale - Mort subite - Statistiques

Statistiques générales
  • Ce quiz a été pris 308 fois
    288 depuis la dernière actualisation
  • Le résultat moyen est 8 sur 15
Answers on the Grid
Answers color-coded by a green-red scale on the quiz's grid according to % correct below.
Aleksandr Vasilevsky
Alexandre le Grand
Arthur Wellesley
Bernard Montgomery
Charles De Gaulle
Giovanni Messe
Douglas MacArthur
Dwight Eisenhower
Erich von Manstein
Erwin Rommel
Ferdinand Foch
Frédéric le Grand
Gengis Khan
Georges Patton
George Washington
Georgy Zhukov
Gustaf Mannerheim
Heinz Guderian
Joseph Joffre
Josip Broz Tito
Khalid ibn al-Walid
Konstantin Rokossovsky
Manfred von Richthofen
Mustafa Kemal
Napoléon
Nelson
Oliver Cromwell
Omar Bradley
Ulysses S. Grant
William Tecumseh Sherman
 
Statistiques - réponses
Réponse % Correct
Charles De Gaulle
86%
Dwight Eisenhower
80%
Erwin Rommel
76%
Douglas MacArthur
75%
Bernard Montgomery
70%
Georges Patton
61%
Georgy Zhukov
51%
Erich von Manstein
46%
Josip Broz Tito
46%
Heinz Guderian
43%
Aleksandr Vasilevsky
35%
Konstantin Rokossovsky
34%
Gustaf Mannerheim
29%
Omar Bradley
27%
Giovanni Messe
25%
Aucun quiz correspondant
Distribution des résultats
% des personnes avec chaque résultat
Percentile par nombre de réponses
Votre historique - résultats
Vous n’avez pas pris ce quiz depuis la dernière actualisation